000 00335 a2200157 4500
001 188262
020 _a85-88017-03-2
040 _cMagnum
100 _aAquino, Eduardo Andrade
240 1 0 _aBem-vindo à vida
_lpor
245 1 0 _aBem-vindo à vida
300 _a150
362 0 _a2001
697 _aLITERATURA GERAL
942 _cBK
999 _c188262
_d188262